<?xml version="1.0" encoding="UTF-8"?><?xml-stylesheet type="text/xsl" href="static/style.xsl"?><OAI-PMH xmlns="http://www.openarchives.org/OAI/2.0/" xmlns:xsi="http://www.w3.org/2001/XMLSchema-instance" xsi:schemaLocation="http://www.openarchives.org/OAI/2.0/ http://www.openarchives.org/OAI/2.0/OAI-PMH.xsd"><responseDate>2026-04-13T07:04:03Z</responseDate><request verb="GetRecord" identifier="oai:www.recercat.cat:10256/25254" metadataPrefix="marc">https://recercat.cat/oai/request</request><GetRecord><record><header><identifier>oai:recercat.cat:10256/25254</identifier><datestamp>2024-10-29T21:22:57Z</datestamp><setSpec>com_2072_452955</setSpec><setSpec>com_2072_2054</setSpec><setSpec>col_2072_453068</setSpec></header><metadata><record xmlns="http://www.loc.gov/MARC21/slim" xmlns:dcterms="http://purl.org/dc/terms/" xmlns:xsi="http://www.w3.org/2001/XMLSchema-instance" xmlns:doc="http://www.lyncode.com/xoai" xsi:schemaLocation="http://www.loc.gov/MARC21/slim http://www.loc.gov/standards/marcxml/schema/MARC21slim.xsd">
   <leader>00925njm 22002777a 4500</leader>
   <datafield ind2=" " ind1=" " tag="042">
      <subfield code="a">dc</subfield>
   </datafield>
   <datafield ind2=" " ind1=" " tag="720">
      <subfield code="a">Morejón Rosales, Yuday</subfield>
      <subfield code="e">author</subfield>
   </datafield>
   <datafield ind2=" " ind1=" " tag="720">
      <subfield code="a">Ramírez Rodríguez, Maely</subfield>
      <subfield code="e">author</subfield>
   </datafield>
   <datafield ind2=" " ind1=" " tag="720">
      <subfield code="a">Elejalde Calderón, Maurenis</subfield>
      <subfield code="e">author</subfield>
   </datafield>
   <datafield ind2=" " ind1=" " tag="720">
      <subfield code="a">Morejón Rosales, Dianavell</subfield>
      <subfield code="e">author</subfield>
   </datafield>
   <datafield ind2=" " ind1=" " tag="720">
      <subfield code="a">Baltasar Bagué, Alícia</subfield>
      <subfield code="e">author</subfield>
   </datafield>
   <datafield ind2=" " ind1=" " tag="260">
      <subfield code="c">2023-03-29</subfield>
   </datafield>
   <datafield ind2=" " ind1=" " tag="520">
      <subfield code="a">Introduction: high blood pressure is highly prevalent in the world. 37 % of the Cuban population (over 15 years old) suffers from this disease. Aaron Antonovsky's salutogenic model provides a novel approach to nursing care from prevention and health promotion. Its main objective is to offer people strategies that allow them to use their own resources to improve their health through increasing the sense of coherence and general resistance resources. Objective: establish the relationship between the sense of coherence and age, sex and educational level in hypertensive people Methods: a cross-sectional, analytical, quantitative study was carried out. The sample consisted of 130 hypertensive adults, treated at medical office number 36 of the Hermanos Cruz health area, Province of Pinar del Río. The ages ranged from 20 to 60 years. The questionnaire composed of 13 items "Life Orientation" by Antonovski was used. Student's t statistical methods and analysis of variance were used to compare the relationship of the values resulting from the questionnaire with sex, age and educational level. Results: 81,53 % of hypertensive people have a sense of coherence at high and medium levels. The sense of coherence is related to educational level and age, but not to sex differences. Conclusions: the sense of coherence is a salutogenic resource to take into account for the development of interventions and research that contribute to improving the coping strategies of hypertensive patients</subfield>
   </datafield>
   <datafield ind1="8" ind2=" " tag="024">
      <subfield code="a">http://hdl.handle.net/10256/25254</subfield>
   </datafield>
   <datafield tag="653" ind2=" " ind1=" ">
      <subfield code="a">Infermeria</subfield>
   </datafield>
   <datafield tag="653" ind2=" " ind1=" ">
      <subfield code="a">Hipertensió</subfield>
   </datafield>
   <datafield tag="653" ind2=" " ind1=" ">
      <subfield code="a">Nursing</subfield>
   </datafield>
   <datafield tag="653" ind2=" " ind1=" ">
      <subfield code="a">Hypertension</subfield>
   </datafield>
   <datafield tag="653" ind2=" " ind1=" ">
      <subfield code="a">Psicologia de la salut</subfield>
   </datafield>
   <datafield tag="653" ind2=" " ind1=" ">
      <subfield code="a">Clinical health psychology</subfield>
   </datafield>
   <datafield tag="653" ind2=" " ind1=" ">
      <subfield code="a">Sentit de coherència</subfield>
   </datafield>
   <datafield tag="653" ind2=" " ind1=" ">
      <subfield code="a">Sense of coherence</subfield>
   </datafield>
   <datafield ind2="0" ind1="0" tag="245">
      <subfield code="a">Sense of coherence in hypertensive patients in primary health care = Sentido de coherencia en pacientes hipertensos en la atención primaria de salud</subfield>
   </datafield>
</record></metadata></record></GetRecord></OAI-PMH>